000
00309nam a2200121Ia 4500
008
230303s9999 xx 000 0 und d
041
_a
eng
082
_a
621.38'1044 SHA
100
_a
Shaffer(Randall)
245
_a
Fundamantals of Power Electronics with Matlab
260
_a
NEW YORK
_b
Cenage
365
_c
RS
999
_c
182427
_d
182427